000 01055nam a2200277Ia 4500
001 vtls001747730
003 NLI
005 20210628161539.0
008 130611s2007 caua s 001 0 eng
020 _a9781412956239 (ebook)
039 9 _a201306182123
_bgopag
_y201306111721
_zgopag
041 0 _aeng
044 _acau
245 0 0 _aSage sourcebook of modern biomedical devices
_h[electronic resource] :
_bbusiness environments in a global market.
260 _aLos Angeles, [Calif.] ;
_aLondon :
_bSAGE,
_cc2007.
300 _a1 online resource (4 v. (xxxiii, 1306, 56 p.)) :
_bill.
650 0 _aBiomedical materials.
_9722385
650 0 _aBiotechnology industries.
_9943119
650 0 _aMedical instruments and apparatus industry.
_9999237
856 4 0 _uhttp://knowledge.sagepub.com/view/biomedicaldevices/SAGE.xml
887 _a Gopa
905 _aGopa
949 _AVIRTUAITEM
_D10000
_X206
_6EBK000006404ENG
_eEBK6404
942 _2ddc
_cBKS
999 _aVIRTUA
_c1158366
_d1158366
999 _aVTLSSORT0080*0200*0410*0440*2450*2600*3000*6500*6501*6502*8560*9050*9992